Learning to teach : (Record no. 112776)
[ view plain ]
| 000 -LEADER | |
|---|---|
| fixed length control field | 00345nam a2200121 a 4500 |
| 001 - CONTROL NUMBER | |
| control field | 4144 |
| 005 - DATE AND TIME OF LATEST TRANSACTION | |
| control field | 20140414131950.0 |
| 008 - FIXED-LENGTH DATA ELEMENTS--GENERAL INFORMATION | |
| fixed length control field | 090317s19uu xx 00 eng d |
| 050 ## - LIBRARY OF CONGRESS CALL NUMBER | |
| Classification number | TR 371.1 |
| Item number | Sh1 1998 |
| 100 ## - MAIN ENTRY--PERSONAL NAME | |
| Personal name | Shalaway, Linda |
| 245 ## - TITLE STATEMENT | |
| Title | Learning to teach : |
| Remainder of title | not just for beginners : the essential guide for all teachers. |
| Withdrawn status | Lost status | Damaged status | Home library | Current library | Shelving location | Date acquired | Total Checkouts | Full call number | Barcode | Date last seen | Price effective from | Koha item type |
|---|---|---|---|---|---|---|---|---|---|---|---|---|
| Munich Library | Munich Library | Teachers Reference Section | 03/17/2009 | TR 371.1 Sh1 1998 | M4166 | 04/14/2014 | 04/14/2014 | Books |